1446 1436 1360 1416 1712 1263 1417 1328 1065 1029 1345 1105 1925 1553 1968 1375 1927 1584 1954 1792 1719 1376 1871 1522 1190 1063 1648 1104 1510 1712 1379 1892 1900 1592 1476 1518 1439 1330 1598 1245 1403 1323 1479 1624 1085 1467 1424 1771 1835 1175 1748 1505 1587 1496 1686 1973 1050 1139 1723 1518 1099 1274 1344 1846 1409 1490 1715 1343 1829 1485 1580 1603 1754 1158 1507 1285 1662 1129 1606 1185 1997 1171 1670 1012 1353 1012 1956 1563 1358 1185 1398 1471 1031 1066 1576 1651 1928 1284 1337 BCNSPRNW ULIB Ver.6.0+V

เปลี่ยนเป็นภาษาไทย

Change to English
 แสดงรายละเอียดบรรณานุกรม
  กลับหน้าหลัก

Brief Record : Get Marc (ISO 2709) : E-mail record : QR code < ปิดหน้าต่าง
LEADER : 00000nam 2200000uu 4500
001    13399127483
003     ULIB
008    200610s2020||||th 000 0 tha d
020    ^a9780323567855
060 04 ^aWY154^bT777
245 00 ^aTrauma nursing :^bfrom resuscitation throughrehabilitation /^cKaren A. McQuillan, Mary Beth FlynnMakic
250    ^a5th ed.
260    ^aSt. Louis :^bSaunders Elsevier,^c2020
300    ^axiv, 832 p. :^bill. ;^c28 cm.
650  2 ^aEmergencies^xnursing
650  2 ^aWounds and Injuries^xnursing
700 1  ^aMcQuillan, Karen A.
700 1  ^aMakic, Mary Beth Flynn
945    ^p0^l0^i28389
999    ^aกัณชพร จุลอักษร
รายการนี้ยังไม่มีแท็ก
คุณยังไม่ได้ล็อกอิน คุณสามารถมีกิจกรรมร่วมกับเว็บไซต์ได้ แต่ต้องล็อกอินก่อน ::
  ล็อกอิน

รายการสื่อสารสนเทศ

ลำดับที่ ประเภท เลขเรียก/บาร์โค้ด สถานที่ สถานะ
1. หนังสือสำรอง
หนังสือสำรอง
WY154 T777 ฉ.1 
  Barcode: 28389
ห้องสมุดวิทยาเขตนครสวรรค์
►หนังสือทั่วไป:l:General Books
บนชั้น

รายการใกล้เคียง
    หัวเรื่อง [Emergencies nursing]

BibComment


ยังไม่เคยถูกคอมเมนท์

คอมเมนท์ทรัพยากรรายการนี้
  คอมเมนท์: Trauma nursing ..


 Copyright 2026. Bcnsprnw @Library